| 000 | 00534nam a22001937a 4500 | ||
|---|---|---|---|
| 003 | MPLRDC | ||
| 005 | 20220104183733.0 | ||
| 008 | 210129b ||||| |||| 00| 0 eng d | ||
| 020 | _a7-80646-299-6 | ||
| 082 | _a367.28 YGWH | ||
| 100 | _a阳光文化系列丛书编辑委员会编 | ||
| 245 |
_a上帝的愤怒; 龙卷风 _c |
||
| 250 | _a一版一刷 | ||
| 260 |
_a中国 _b上海文化出版社 _c2001 |
||
| 300 | _b平 | ||
| 490 | _a阳光文化系列丛书 | ||
| 650 | _a生态学--自然灾害 | ||
| 942 |
_cBK _o367.28 YGWH |
||
| 999 |
_c62540 _d62530 |
||